Samanaya Bhasha Vigain (Record no. 4698)

MARC details
000 -LEADER
fixed length control field 00361nam a22001577a 4500
005 - DATE AND TIME OF LATEST TRANSACTION
control field 20160629135740.0
008 - FIXED-LENGTH DATA ELEMENTS--GENERAL INFORMATION
fixed length control field 160629b xxu||||| |||| 00| 0 eng d
041 ## - LANGUAGE CODE
Language code of text/sound track or separate title eng
082 ## - DEWEY DECIMAL CLASSIFICATION NUMBER
Item number 11044
100 ## - MAIN ENTRY--AUTHOR NAME
Personal name Saxsena, Dr bahu Ram
245 ## - TITLE STATEMENT
Title Samanaya Bhasha Vigain
260 ## - PUBLICATION, DISTRIBUTION, ETC. (IMPRINT)
Name of publisher Samdan Puhicat
300 ## - PHYSICAL DESCRIPTION
Number of Pages 395
650 ## - SUBJECT ADDED ENTRY--TOPICAL TERM
Topical Term Management
942 ## - ADDED ENTRY ELEMENTS (KOHA)
Koha item type Books
Holdings
Lost status Damaged status Collection code Home library Current library Shelving location Date acquired Cost, normal purchase price Full call number Accession Number Koha item type
    LIFE SKILL JRU Library JRU Library SHELF-103-H 29/06/2016 275.00 11044 11044 Books